Law and tactics in jury trials. Vol.5
Đã lưu trong:
| Príomhúdar: | |
|---|---|
| Formáid: | Leabhar |
| Teanga: | Undetermined |
| Foilsithe: |
New York
Bobbs-Merrill
1971
|
| Ábhair: | |
| Clibeanna: |
Cuir Clib Leis
Gan Chlibeanna, Bí ar an gcéad duine leis an taifead seo a chlibeáil!
|
| Thư viện lưu trữ: | Trung tâm Học liệu Trường Đại học Cần Thơ |
|---|
| LEADER | 00499nam a2200181Ia 4500 | ||
|---|---|---|---|
| 001 | CTU_25995 | ||
| 008 | 210402s9999 xx 000 0 und d | ||
| 082 | |a 347.052 | ||
| 082 | |b B977/Vol.5 | ||
| 100 | |a Francis X Busch | ||
| 245 | 0 | |a Law and tactics in jury trials. Vol.5 | |
| 245 | 0 | |c Francis X Busch | |
| 260 | |a New York | ||
| 260 | |b Bobbs-Merrill | ||
| 260 | |c 1971 | ||
| 650 | |a jury,law and fact,trials | ||
| 904 | |i Minh, 981003 | ||
| 980 | |a Trung tâm Học liệu Trường Đại học Cần Thơ | ||